000 00408nam a2200133Ia 4500
008 220217s9999||||xx |||||||||||||| ||und||
020 _a81-203-0865-4
082 _a005.1 GHE
100 _aGhezzy, Carlo Jazayeri, Mehdi & Mendriol, Dino
245 0 _aFundamentals of software engineering
260 _aPrentice hall of india
_bNew Delhi
_c2001
300 _b195
650 _aSOFTWARE ENGINEERING
_91072
999 _c168974
_d168974